[Event "NAYCC U14"]
[Site "Montreal CAN"]
[Date "2010.08.18"]
[Round "6"]
[White "Tang, Leslie"]
[Black "Itkin, David"]
[Result "0-1"]
[WhiteElo "1475"]
[BlackElo "1741"]
[PlyCount "80"]
[EventDate "2010.08.16"]
[EventType "swiss"]
[EventRounds "7"]
[EventCountry "CAN"]

1. d4 Nf6 2. c4 e5 3. Bg5 exd4 4. Nf3 Bb4+ 5. Nbd2 c5 6. a3 Ba5 7. g3 h6 8.
Bxf6 Qxf6 9. Rb1 Nc6 10. Bg2 O-O 11. O-O d6 12. Ne4 Qe7 13. Ned2 Bf5 14. Rc1
Rfe8 15. Re1 Ne5 16. Nh4 Be6 17. b3 Rab8 18. h3 Bd7 19. Qc2 b5 20. Red1 bxc4
21. bxc4 Bc3 22. Rb1 Rxb1 23. Nxb1 Ba5 24. Nd2 Bc6 25. Nhf3 Nxf3+ 26. exf3 Qd7
27. Rb1 d5 28. cxd5 Qxd5 29. Ne4 d3 30. Qxc5 Qxc5 31. Nxc5 d2 32. Ne4 f5 33.
Nxd2 Bxd2 34. Rb2 Bg5 35. h4 Re1+ 36. Kh2 Be7 37. Rc2 Bb5 38. Rc7 a6 39. Rc3
Ra1 40. g4 Rxa3 0-1

[Event "NAYCC U14"]
[Site "Montreal CAN"]
[Date "2010.08.18"]
[Round "6"]
[White "Wen, Yi Zeng"]
[Black "Herry, Serwan"]
[Result "0-1"]
[WhiteElo "1108"]
[BlackElo "848"]
[PlyCount "70"]
[EventDate "2010.08.16"]
[EventType "swiss"]
[EventRounds "7"]
[EventCountry "CAN"]

1. e4 c5 2. Nf3 d6 3. d4 cxd4 4. Nxd4 Nf6 5. Nc3 g6 6. Be3 Bg7 7. h3 Nc6 8. Nf3
O-O 9. Bc4 a6 10. Bb3 b5 11. a3 Bb7 12. O-O Na5 13. Rb1 Nxb3 14. cxb3 Nxe4 15.
Bd4 Nxc3 16. bxc3 Bxd4 17. cxd4 Qb6 18. Nh4 Rac8 19. Qg4 Bd5 20. b4 Be6 21. Qf4
Rc4 22. Rfd1 Rfc8 23. Nf3 Rc3 24. Ra1 Qb7 25. Kh2 Bd5 26. Ng5 f6 27. Nf3 Bxf3
28. gxf3 Rxf3 29. Qh4 Rcc3 30. Rg1 Rxh3+ 31. Qxh3 Rxh3+ 32. Kxh3 Qf3+ 33. Rg3
Qxf2 34. Rd1 Qf5+ 35. Kg2 Qc2+ 0-1

[Event "NAYCC U14"]
[Site "Montreal CAN"]
[Date "2010.08.18"]
[Round "6"]
[White "Xiang, Qun Tian"]
[Black "Regam, Jay"]
[Result "0-1"]
[WhiteElo "1112"]
[BlackElo "1417"]
[PlyCount "98"]
[EventDate "2010.08.16"]
[EventType "swiss"]
[EventRounds "7"]
[EventCountry "CAN"]

1. e4 e6 2. d4 d5 3. exd5 exd5 4. c4 Nf6 5. Nc3 Be6 6. c5 Nc6 7. Bb5 Bd7 8. Nf3
a6 9. Ba4 Be7 10. O-O O-O 11. Re1 h6 12. Bf4 Rc8 13. a3 Re8 14. Qd2 Rb8 15. h3
Na5 16. Bc2 Nc4 17. Qc1 Bf8 18. b3 Rxe1+ 19. Qxe1 Na5 20. Qe5 Rc8 21. Nxd5 Nxd5
22. Qxd5 Nc6 23. b4 Be6 24. Qe4 g6 25. Ne5 Qxd4 26. Rd1 Qxe4 27. Bxe4 Nxe5 28.
Bxe5 c6 29. Bd6 Rd8 30. g4 Bxd6 31. cxd6 Kg7 32. f4 f5 33. Bf3 Kf6 34. h4 fxg4
35. Be2 g5 36. hxg5+ hxg5 37. fxg5+ Kxg5 38. Kf2 Kf5 39. Ke3 Ke5 40. Rd4 Rxd6
41. Re4+ Kf6 42. Rf4+ Kg5 43. Re4 Bf5 44. Re7 Re6+ 45. Rxe6 Bxe6 46. Kd4 g3 47.
Bf3 Bd5 48. Ke3 Bxf3 49. Kxf3 Kh4 0-1

[Event "NAYCC U14"]
[Site "Montreal CAN"]
[Date "2010.08.18"]
[Round "6"]
[White "Xu, Tian Run"]
[Black "Li, Brian"]
[Result "0-1"]
[WhiteElo "1368"]
[BlackElo "2072"]
[PlyCount "110"]
[EventDate "2010.08.16"]
[EventType "swiss"]
[EventRounds "7"]
[EventCountry "CAN"]

1. e4 c5 2. Nf3 Nc6 3. d4 cxd4 4. Nxd4 Nf6 5. Nc3 e5 6. Nb3 Bb4 7. Bd3 d5 8.
exd5 Nxd5 9. Bd2 Be6 10. O-O O-O 11. Nxd5 Qxd5 12. Re1 f5 13. f3 Be7 14. Qe2
Bf6 15. c3 b6 16. Be3 Qd7 17. Bc4 Qf7 18. Bxe6 Qxe6 19. Rad1 Rfd8 20. Rxd8+
Rxd8 21. Rd1 Rd5 22. Rxd5 Qxd5 23. Qd2 Ne7 24. Qxd5+ Nxd5 25. Bf2 Kf7 26. g3
Ke6 27. Kf1 h5 28. Ke2 g5 29. Nd2 g4 30. fxg4 hxg4 31. c4 Nb4 32. a3 Nc6 33. b4
e4 34. b5 Nd4+ 35. Bxd4 Bxd4 36. Nb3 Ke5 37. a4 Bg1 38. a5 Bxh2 39. axb6 axb6
40. Kf2 e3+ 41. Kxe3 Bxg3 42. Ke2 Kd6 43. Nd4 f4 44. Nf5+ Kc5 45. Nh6 Kxc4 46.
Nxg4 Kxb5 47. Ne5 Kc5 48. Nd3+ Kd4 49. Nb4 Kc4 50. Nd3 Kc3 51. Ne5 b5 52. Kd1
Kd4 53. Ng4 f3 54. Kd2 b4 55. Ne3 Bf4 0-1

[Event "NAYCC U14"]
[Site "Montreal CAN"]
[Date "2010.08.19"]
[Round "7"]
[White "Farrant-Diaz, Nathan"]
[Black "Liu, Mu Dong"]
[Result "1-0"]
[WhiteElo "1319"]
[BlackElo "1089"]
[PlyCount "39"]
[EventDate "2010.08.16"]
[EventType "swiss"]
[EventRounds "7"]
[EventCountry "CAN"]

1. e4 e5 2. Nf3 Nc6 3. d4 exd4 4. Nxd4 Bc5 5. Be3 Qf6 6. c3 Bxd4 7. cxd4 d6 8.
Bc4 Qg6 9. O-O Qxe4 10. Re1 Nce7 11. Bd3 Qc6 12. Nc3 a6 13. Rc1 Qd7 14. Bg5 c6
15. d5 c5 16. Ne4 h6 17. Bf4 Kd8 18. Nxd6 Nxd5 19. Bf5 Qc7 20. Re8# 1-0

[Event "NAYCC U14"]
[Site "Montreal CAN"]
[Date "2010.08.19"]
[Round "7"]
[White "Itkin, David"]
[Black "Guo, Forest"]
[Result "1-0"]
[WhiteElo "1741"]
[BlackElo "1601"]
[PlyCount "43"]
[EventDate "2010.08.16"]
[EventType "swiss"]
[EventRounds "7"]
[EventCountry "CAN"]

1. e4 c5 2. Nc3 d6 3. f4 g6 4. Nf3 Bg7 5. Bc4 Nc6 6. O-O e6 7. d3 Nge7 8. Qe1
O-O 9. f5 exf5 10. Qh4 Ne5 11. Bg5 Re8 12. Nxe5 Be6 13. exf5 gxf5 14. Bb5 Qc7
15. Bxe8 Rxe8 16. Bxe7 Rxe7 17. Nb5 Qb6 18. Qxe7 Bxe5 19. Nc7 Qxb2 20. Nxe6
fxe6 21. Qxe6+ Kg7 22. Qxf5 1-0

[Event "NAYCC U14"]
[Site "Montreal CAN"]
[Date "2010.08.19"]
[Round "7"]
[White "Jafarov, Amin"]
[Black "Markelov, Lev"]
[Result "1/2-1/2"]
[WhiteElo "875"]
[BlackElo "1168"]
[PlyCount "80"]
[EventDate "2010.08.16"]
[EventType "swiss"]
[EventRounds "7"]
[EventCountry "CAN"]

1. e4 e6 2. d4 d5 3. e5 Nc6 4. Nf3 Nge7 5. g3 Nf5 6. Bg2 Be7 7. O-O g5 8. Bh3
h5 9. g4 hxg4 10. Bxg4 b6 11. c3 Nh4 12. b4 a6 13. a4 Nb8 14. Bb2 c5 15. Nxh4
gxh4 16. b5 axb5 17. axb5 Rxa1 18. Bxa1 cxd4 19. cxd4 f5 20. Bh5+ Kf8 21. Kh1
Bd7 22. Nc3 Be8 23. Bxe8 Qxe8 24. Rg1 Kf7 25. Qf3 Nd7 26. Qg2 Rg8 27. Qxg8+
Qxg8 28. Rxg8 Kxg8 29. h3 Kg7 30. f4 Kf8 31. Ne2 Ke8 32. Bc3 Nf8 33. Be1 Ng6
34. Kg2 Bf8 35. Kf3 Bh6 36. Bb4 Kd7 37. Bd6 Kc8 38. Ba3 Kb7 39. Bc1 Kc8 40. Ke3
Kb7 1/2-1/2

[Event "NAYCC U14"]
[Site "Montreal CAN"]
[Date "2010.08.19"]
[Round "7"]
[White "Kalra, Agastya"]
[Black "Sun, Mike"]
[Result "1-0"]
[WhiteElo "1776"]
[BlackElo "1163"]
[PlyCount "71"]
[EventDate "2010.08.16"]
[EventType "swiss"]
[EventRounds "7"]
[EventCountry "CAN"]

1. e4 d6 2. d4 Nf6 3. Nc3 g6 4. Be3 c6 5. Qd2 Bg7 6. f3 b5 7. a3 Nbd7 8. Bd3
Bb7 9. Bh6 O-O 10. h4 a5 11. h5 Re8 12. hxg6 fxg6 13. Bxg7 Kxg7 14. Qh6+ Kf7
15. Nh3 Rg8 16. Ng5+ Ke8 17. e5 dxe5 18. Nxh7 Nf8 19. Nxf8 Rxf8 20. dxe5 Ng8
21. Bxg6+ Kd7 22. Rd1+ Kc7 23. Rxd8 Nxh6 24. Rxa8 Rxa8 25. Rxh6 Rg8 26. g4 Kb6
27. f4 Bc8 28. f5 b4 29. axb4 axb4 30. Ne4 Kb5 31. g5 e6 32. f6 Kc4 33. Bf7 Rf8
34. g6 b3 35. cxb3+ Kxb3 36. g7 1-0

[Event "NAYCC U14"]
[Site "Montreal CAN"]
[Date "2010.08.19"]
[Round "7"]
[White "Knox, Christopher"]
[Black "Qian, Jack"]
[Result "1/2-1/2"]
[WhiteElo "1912"]
[BlackElo "855"]
[PlyCount "38"]
[EventDate "2010.08.16"]
[EventType "swiss"]
[EventRounds "7"]
[EventCountry "CAN"]

1. d4 d5 2. c4 c6 3. Nf3 Nf6 4. e3 a6 5. Nc3 Bg4 6. h3 Bh5 7. cxd5 cxd5 8. Be2
e6 9. O-O Bd6 10. a3 Nbd7 11. Nd2 Bxe2 12. Qxe2 Nb6 13. e4 dxe4 14. Ndxe4 Be7
15. Nxf6+ Bxf6 16. Qe4 Qd7 17. Bf4 Rd8 18. Be5 Nd5 19. f4 O-O 1/2-1/2

[Event "NAYCC U14"]
[Site "Montreal CAN"]
[Date "2010.08.19"]
[Round "7"]
[White "Li, Brian"]
[Black "Qin, Zi Yi (Joey)"]
[Result "0-1"]
[WhiteElo "2072"]
[BlackElo "2329"]
[PlyCount "73"]
[EventDate "2010.08.16"]
[EventType "swiss"]
[EventRounds "7"]
[EventCountry "CAN"]

1. e4 c5 2. Nc3 d6 3. f4 g6 4. Nf3 Bg7 5. Bb5+ Bd7 6. Bxd7+ Qxd7 7. O-O e6 8.
d3 Ne7 9. Ne2 O-O 10. c3 Nbc6 11. Be3 f5 12. Ng3 Rac8 13. Qd2 b5 14. d4 cxd4
15. Nxd4 Nxd4 16. Bxd4 Bxd4+ 17. Qxd4 Rc4 18. Qd3 Qc6 19. Rae1 d5 20. e5 Qb6+
21. Qe3 d4 22. cxd4 Nd5 23. Qf2 Rxd4 24. Ne2 Rd2 25. Qxb6 axb6 26. Rf2 Rxb2 27.
Nd4 Rxf2 28. Kxf2 Nxf4 29. Kf3 Nd3 30. Re3 Nc5 31. Nxb5 Rd8 32. Nd6 Ra8 33. a3
Ra4 34. Nc8 Nd7 35. g3 g5 36. Kg2 Rc4 37. Re2 0-1

[Event "NAYCC U14"]
[Site "Montreal CAN"]
[Date "2010.08.19"]
[Round "7"]
[White "Manailoiu, Dragos"]
[Black "Jiang, Nathan"]
[Result "1/2-1/2"]
[WhiteElo "1309"]
[BlackElo "1375"]
[PlyCount "39"]
[EventDate "2010.08.16"]
[EventType "swiss"]
[EventRounds "7"]
[EventCountry "CAN"]

1. d4 Nf6 2. c4 d6 3. Nc3 Bf5 4. g3 Nbd7 5. Bg2 c6 6. Nf3 e5 7. O-O Be7 8. Bg5
h6 9. Bxf6 Bxf6 10. e4 Bg6 11. d5 Nc5 12. Qe2 a5 13. Nd2 O-O 14. Nb3 Nd7 15.
Rfd1 a4 16. Nd2 Nc5 17. b4 axb3 18. axb3 Qb6 19. Rxa8 Rxa8 20. Rb1 1/2-1/2

[Event "NAYCC U14"]
[Site "Montreal CAN"]
[Date "2010.08.19"]
[Round "7"]
[White "Molev, Daniel"]
[Black "Xu, Tian Run"]
[Result "0-1"]
[WhiteElo "1218"]
[BlackElo "1368"]
[PlyCount "107"]
[EventDate "2010.08.16"]
[EventType "swiss"]
[EventRounds "7"]
[EventCountry "CAN"]

1. e4 c5 2. Nf3 d6 3. Nc3 Nc6 4. Bc4 g6 5. d3 Bg7 6. Bd2 Nf6 7. Qe2 Bg4 8. h3
Nd4 9. Qd1 Bxf3 10. gxf3 O-O 11. Nd5 e6 12. Nxf6+ Qxf6 13. f4 b5 14. Bb3 Nxb3
15. axb3 Qxb2 16. Rb1 Qd4 17. Be3 Qb4+ 18. Bd2 Bc3 19. h4 Bxd2+ 20. Qxd2 Qxd2+
21. Kxd2 d5 22. h5 dxe4 23. dxe4 Rfd8+ 24. Ke3 Rd7 25. f3 Rad8 26. Rh2 Rd1 27.
Rxd1 Rxd1 28. h6 f6 29. c4 bxc4 30. bxc4 Rd7 31. Rb2 Kf7 32. Rb8 g5 33. f5 exf5
34. exf5 Ke7 35. Rg8 Kd6 36. Rf8 Re7+ 37. Kf2 Ke5 38. Rc8 Kxf5 39. Rxc5+ Kg6
40. Rc6 Rf7 41. Ra6 Rc7 42. Ra4 Kxh6 43. Ke3 Kg6 44. Kd4 Kf7 45. Kd5 Ke7 46. c5
h5 47. Ra6 h4 48. Re6+ Kf7 49. Kd6 Rxc5 50. Kxc5 Kxe6 51. Kd4 h3 52. Ke3 h2 53.
f4 gxf4+ 54. Kxf4 0-1

[Event "NAYCC U14"]
[Site "Montreal CAN"]
[Date "2010.08.19"]
[Round "7"]
[White "Regam, Jay"]
[Black "Dunne, Francesco"]
[Result "0-1"]
[WhiteElo "1417"]
[BlackElo "1403"]
[PlyCount "72"]
[EventDate "2010.08.16"]
[EventType "swiss"]
[EventRounds "7"]
[EventCountry "CAN"]

1. e4 c5 2. Nf3 d6 3. d4 cxd4 4. Nxd4 Nf6 5. Nc3 a6 6. f3 e6 7. Be3 Be7 8. Qd2
Qc7 9. O-O-O Nbd7 10. g4 h6 11. h4 b5 12. Bd3 Nc5 13. g5 hxg5 14. hxg5 Rxh1 15.
Rxh1 Nfd7 16. b4 Nxd3+ 17. Qxd3 Ne5 18. Qd2 Nc4 19. Qe1 Bb7 20. Rh8+ Bf8 21. g6
Rc8 22. gxf7+ Qxf7 23. Bg5 Ne5 24. f4 Ng6 25. Rh3 e5 26. fxe5 dxe5 27. Rf3 Qc4
28. Nde2 Bxb4 29. Qd2 Bxe4 30. Re3 Bf5 31. Rf3 Bg4 32. Re3 Bxe2 33. Rxe2 Bxc3
34. Qd6 Qc6 35. Qd1 Qc5 36. Rg2 Qa3+ 0-1

[Event "NAYCC U14"]
[Site "Montreal CAN"]
[Date "2010.08.19"]
[Round "7"]
[White "Shen, Arthur"]
[Black "Lepine, Cedric"]
[Result "1/2-1/2"]
[WhiteElo "2200"]
[BlackElo "1663"]
[PlyCount "107"]
[EventDate "2010.08.16"]
[EventType "swiss"]
[EventRounds "7"]
[EventCountry "CAN"]

1. e4 Nf6 2. e5 Nd5 3. c4 Nb6 4. d4 d6 5. exd6 cxd6 6. Be3 Bf5 7. Nc3 e6 8. Rc1
Nc6 9. b3 Be7 10. Nf3 O-O 11. Be2 d5 12. c5 Nc8 13. O-O Bf6 14. a3 Bg4 15. b4
a6 16. h3 Bxf3 17. Bxf3 N8e7 18. Na4 Nf5 19. Nb6 Ra7 20. g4 Nfxd4 21. Bg2 Nb5
22. Qb3 a5 23. Qd3 axb4 24. Qxb5 bxa3 25. g5 Bxg5 26. Bxg5 Qxg5 27. Qb3 Qd2 28.
Qc3 Qxc3 29. Rxc3 a2 30. Ra1 Nb4 31. Kf1 Rd8 32. Ke1 d4 33. Rc4 Nd3+ 34. Kd2
Nf4 35. Bf1 Ra3 36. Ra4 Rf3 37. R1xa2 Rxf2+ 38. Ke1 Rxa2 39. Rxa2 g6 40. Nc4
Nd5 41. Bg2 Nb4 42. Ra5 d3 43. Nd6 d2+ 44. Kxd2 b6 45. Ra8 Rxa8 46. Bxa8 bxc5
47. Ne4 c4 48. Nd6 Nd3 49. Bg2 Nf4 50. Bf1 Kg7 51. Nxc4 h5 52. Ke3 g5 53. Ke4
Ng6 54. Nd6 1/2-1/2

[Event "NAYCC U14"]
[Site "Montreal CAN"]
[Date "2010.08.19"]
[Round "7"]
[White "Shi, Yang Tian Jiao (Sky"]
[Black "Robichaud, Nicolas"]
[Result "1-0"]
[WhiteElo "1333"]
[BlackElo "1332"]
[PlyCount "82"]
[EventDate "2010.08.16"]
[EventType "swiss"]
[EventRounds "7"]
[EventCountry "CAN"]

1. d4 f5 2. c4 e6 3. Nc3 Nf6 4. Bf4 d6 5. Nf3 b6 6. e3 Bb7 7. Be2 Nbd7 8. h3
Be7 9. O-O Ne4 10. Nxe4 fxe4 11. Nd2 Bg5 12. Bh2 O-O 13. Qc2 d5 14. cxd5 exd5
15. Qxc7 Qxc7 16. Bxc7 Rac8 17. Rac1 Bd8 18. Bxd8 Rfxd8 19. Nb3 Nf6 20. Rxc8
Rxc8 21. Rc1 Rxc1+ 22. Nxc1 Kf7 23. Kf1 Ke6 24. Ke1 g5 25. Kd2 Kf5 26. g4+ Kg6
27. Kc3 a5 28. b4 axb4+ 29. Kxb4 Bc6 30. a4 Nd7 31. Bb5 Bxb5 32. Kxb5 Kf6 33.
Kc6 Ke6 34. Ne2 Ke7 35. Kxd5 Nf6+ 36. Kc6 Nd7 37. Nc3 Ke6 38. Nxe4 h6 39. d5+
Ke7 40. Nd2 Ke8 41. Nc4 Kd8 1-0

[Event "NAYCC U14"]
[Site "Montreal CAN"]
[Date "2010.08.19"]
[Round "7"]
[White "Xiang, Qun Tian"]
[Black "Tang, Leslie"]
[Result "1/2-1/2"]
[WhiteElo "1112"]
[BlackElo "1475"]
[PlyCount "75"]
[EventDate "2010.08.16"]
[EventType "swiss"]
[EventRounds "7"]
[EventCountry "CAN"]

1. e4 c5 2. Nf3 d6 3. d4 cxd4 4. Nxd4 Nf6 5. Nc3 g6 6. f3 Bg7 7. Be3 O-O 8. Qd2
Nc6 9. O-O-O Bd7 10. Bh6 Nxd4 11. Bxg7 Nb3+ 12. cxb3 Kxg7 13. Kb1 Rc8 14. f4
Bc6 15. Qe2 Qa5 16. g4 Rfd8 17. Bg2 Bd7 18. Rhg1 Bxg4 19. Bf3 Bxf3 20. Qxf3 e6
21. f5 exf5 22. exf5 d5 23. fxg6 fxg6 24. Rgf1 Rf8 25. Qh3 Rcd8 26. Qe6 Qb6 27.
Qe5 Rde8 28. Qd4 Qxd4 29. Rxd4 Re5 30. Rfd1 Rd8 31. a4 a6 32. b4 Kf7 33. a5 Ke6
34. b5 Rc8 35. bxa6 bxa6 36. Rb4 Nd7 37. Rb7 Rc5 38. Ra7 1/2-1/2

[Event "NAYCC U14"]
[Site "Montreal CAN"]
[Date "2010.08.19"]
[Round "7"]
[White "Yu, Benoit"]
[Black "Wen, Yi Zeng"]
[Result "0-1"]
[WhiteElo "698"]
[BlackElo "1108"]
[PlyCount "78"]
[EventDate "2010.08.16"]
[EventType "swiss"]
[EventRounds "7"]
[EventCountry "CAN"]

1. Nf3 d5 2. g3 Nc6 3. Bg2 e5 4. d3 Nf6 5. Nc3 Be6 6. O-O Bc5 7. e4 d4 8. Ne2
h6 9. Bd2 Qd7 10. a3 Bb6 11. b4 a6 12. a4 Qd6 13. b5 axb5 14. axb5 Rxa1 15.
Qxa1 Ne7 16. Qa8+ Bc8 17. Qa4 O-O 18. Bb4 Bc5 19. Bxc5 Qxc5 20. Qc4 Qd6 21. Ra1
c6 22. Rb1 Be6 23. Qb4 Qc7 24. Rc1 Ng6 25. c3 dxc3 26. Nxc3 Qd7 27. Rd1 Bh3 28.
d4 exd4 29. Rxd4 Qc8 30. e5 c5 31. Qc4 Be6 32. Qd3 cxd4 33. Qxd4 Rd8 34. Qe3
Nd5 35. Nxd5 Rxd5 36. Nd2 Rxe5 37. Qa3 Bh3 38. Nf3 Rxb5 39. Qa2 Qc1+ 0-1

[Event "NAYCC U14"]
[Site "Montreal CAN"]
[Date "2010.08.19"]
[Round "7"]
[White "Zhang, Zhiyuan"]
[Black "Johnson, Nicholas"]
[Result "1-0"]
[WhiteElo "1686"]
[BlackElo "1317"]
[PlyCount "71"]
[EventDate "2010.08.16"]
[EventType "swiss"]
[EventRounds "7"]
[EventCountry "CAN"]

1. e4 c5 2. c3 d6 3. d4 cxd4 4. cxd4 Nf6 5. Nc3 g6 6. f3 Bg7 7. Be3 Bd7 8. Qd2
Nc6 9. Rc1 Rc8 10. Bd3 O-O 11. Nge2 Nb4 12. Bb1 a6 13. O-O Nh5 14. d5 f5 15. a3
Nxd5 16. Nxd5 e6 17. Bg5 Bf6 18. Nxf6+ Nxf6 19. Qxd6 Bb5 20. Qxe6+ Kg7 21. Rxc8
Qxc8 22. Bxf6+ Kh6 23. Qxc8 Rxc8 24. Kf2 fxe4 25. Bxe4 Rc7 26. Rd1 Rf7 27. Bc3
Re7 28. Nd4 Bd7 29. Re1 Be8 30. Bd3 Rxe1 31. Bxe1 Bf7 32. Be4 b5 33. Bb7 Bc4
34. Bxa6 Kg5 35. Bxb5 Bxb5 36. Nxb5 1-0

[Event "NAYCC U14 w"]
[Site "Montreal CAN"]
[Date "2010.08.16"]
[Round "1"]
[White "Hou, Louisa Qianqian"]
[Black "Kalaydina, Regina Veronicka"]
[Result "1-0"]
[WhiteElo "1041"]
[BlackElo "1763"]
[PlyCount "52"]
[EventDate "2010.08.16"]
[EventType "tourn"]
[EventRounds "7"]
[EventCountry "CAN"]

1. d4 d5 2. Nf3 Nf6 3. Bg5 Ne4 4. Nbd2 Nxg5 5. Nxg5 e5 6. Ngf3 e4 7. Ng1 c5 8.
c3 cxd4 9. Nb3 dxc3 10. bxc3 Nc6 11. e3 Be7 12. Ne2 Bf6 13. Ned4 Nxd4 14. cxd4
Be7 15. Bb5+ Bd7 16. Bxd7+ Qxd7 17. O-O O-O 18. Rc1 b6 19. Qd2 Rac8 20. Qb2 Qa4
21. Rxc8 Rxc8 22. f3 exf3 23. gxf3 Rc4 24. e4 Qc6 25. Re1 Rc2 26. Qb1 Qg6+ 1-0

[Event "NAYCC U14 w"]
[Site "Montreal CAN"]
[Date "2010.08.16"]
[Round "1"]
[White "Regam, Jessica"]
[Black "Ma, Indy"]
[Result "1/2-1/2"]
[WhiteElo "1941"]
[BlackElo "1283"]
[PlyCount "119"]
[EventDate "2010.08.16"]
[EventType "tourn"]
[EventRounds "7"]
[EventCountry "CAN"]

1. e4 c6 2. d4 d5 3. e5 Bf5 4. Nc3 e6 5. g4 Bg6 6. Nge2 h6 7. Nf4 Bh7 8. Bd3
Bxd3 9. Qxd3 Nd7 10. Be3 Bb4 11. Nfe2 Ne7 12. f4 c5 13. a3 cxd4 14. Bxd4 Bc5
15. Nb5 O-O 16. O-O-O Nc6 17. h4 Bxd4 18. Nexd4 Nc5 19. Qf3 Ne4 20. g5 Kh7 21.
Qd3 g6 22. Rh2 h5 23. Ne2 Qb6 24. Nbd4 Na5 25. Qb5 Qxb5 26. Nxb5 a6 27. Nbc3
Nxc3 28. Nxc3 Nc4 29. Rh3 Rac8 30. Nb1 Rc7 31. b3 Na5 32. Rc3 Rfc8 33. Kb2 Nc6
34. Nd2 Nd4 35. Rxc7 Rxc7 36. c4 dxc4 37. Nxc4 Nf5 38. Rh1 Rd7 39. Nd6 Nxd6 40.
exd6 Rxd6 41. Kc3 Kg8 42. Rh3 Kf8 43. Re3 Ke7 44. Re4 Kd7 45. Rd4 Rd5 46. Rb4
Kc6 47. Kc2 b5 48. Re4 Kc5 49. b4+ Kc6 50. Re1 Rd4 51. Rf1 Kd5 52. Kc3 Rc4+ 53.
Kd3 Kc6 54. Kd2 Kb6 55. Rf3 a5 56. bxa5+ Kxa5 57. Rf1 Kb6 58. Rf3 Kc5 59. Kd3
Kd5 60. Kd2 1/2-1/2

[Event "NAYCC U14 w"]
[Site "Montreal CAN"]
[Date "2010.08.16"]
[Round "1"]
[White "Yu, Kexin"]
[Black "Zhurbenskiy, Eve"]
[Result "1/2-1/2"]
[WhiteElo "1381"]
[BlackElo "2003"]
[PlyCount "109"]
[EventDate "2010.08.16"]
[EventType "tourn"]
[EventRounds "7"]
[EventCountry "CAN"]

1. c4 e5 2. Nc3 Nc6 3. Nf3 f5 4. d3 Bb4 5. Bd2 Nf6 6. a3 Bxc3 7. Bxc3 d6 8. g3
O-O 9. Bg2 Qe8 10. O-O Qh5 11. b4 f4 12. b5 Ne7 13. Re1 Bh3 14. Bh1 Ng4 15. e4
fxe3 16. fxe3 Rf7 17. c5 Raf8 18. cxd6 cxd6 19. Ra2 Nxe3 20. Rxe3 Nd5 21. Bd2
Nxe3 22. Bxe3 Rxf3 23. Bxf3 Rxf3 24. Qb3+ Kh8 25. Rf2 Rxf2 26. Kxf2 Qf5+ 27.
Ke2 Qf1+ 28. Kd2 b6 29. Qd5 Qg2+ 30. Qxg2 Bxg2 31. Bg5 d5 32. Be7 Kg8 33. Bd6
Kf7 34. Bxe5 Ke7 35. Bxg7 Kd6 36. Bd4 Bh3 37. Be3 Bd7 38. a4 Kc7 39. Kc3 Kb7
40. Kd4 Bf5 41. Kc3 Bg4 42. Kd4 Be2 43. h3 Bf1 44. Kxd5 Bxd3 45. g4 Bc2 46. h4
Bxa4 47. Kc4 Bd1 48. g5 a6 49. bxa6+ Kxa6 50. Kd5 b5 51. Bc5 Ka5 52. Ke6 b4 53.
Kf7 b3 54. Bd4 Bc2 55. Bb2 1/2-1/2

[Event "NAYCC U14 w"]
[Site "Montreal CAN"]
[Date "2010.08.16"]
[Round "1"]
[White "Yun, Chang"]
[Black "Loranger, Erika"]
[Result "1-0"]
[WhiteElo "1521"]
[BlackElo "1096"]
[PlyCount "71"]
[EventDate "2010.08.16"]
[EventType "tourn"]
[EventRounds "7"]
[EventCountry "CAN"]

1. e4 e5 2. Nf3 Nc6 3. Bc4 Nf6 4. Ng5 d5 5. exd5 Nxd5 6. Qf3 Be6 7. Nxe6 fxe6
8. Nc3 Ncb4 9. Bb3 c6 10. a3 Na6 11. Qe2 Bd6 12. O-O O-O 13. d4 Qf6 14. Ne4 Qd8
15. Nxd6 Qxd6 16. dxe5 Qc5 17. g3 Rf5 18. Kh1 Ndc7 19. f4 Nd5 20. c4 Ne7 21.
Be3 Qa5 22. Rad1 Nc5 23. Bc2 Rff8 24. b4 Qxa3 25. Bxc5 Rfe8 26. Ra1 Qc3 27. Ra2
Rad8 28. Rf3 Qd2 29. Bxh7+ Kxh7 30. Rxd2 Rxd2 31. Qxd2 Nf5 32. g4 Nh4 33. Rh3
b6 34. Rxh4+ Kg8 35. Qd7 Rb8 36. Qxe6# 1-0

[Event "NAYCC U14 w"]
[Site "Montreal CAN"]
[Date "2010.08.16"]
[Round "2"]
[White "Kalaydina, Regina Veronicka"]
[Black "Yun, Chang"]
[Result "1-0"]
[WhiteElo "1763"]
[BlackElo "1521"]
[PlyCount "35"]
[EventDate "2010.08.16"]
[EventType "tourn"]
[EventRounds "7"]
[EventCountry "CAN"]

1. d4 Nf6 2. c4 g6 3. Nc3 Bg7 4. e4 d6 5. Be2 O-O 6. Bg5 Nbd7 7. Qd2 e5 8. d5
a5 9. h4 Nc5 10. f3 Qe8 11. g4 h5 12. Bxf6 Bxf6 13. gxh5 gxh5 14. Nh3 Bxh4+ 15.
Nf2 Bxf2+ 16. Kxf2 f6 17. Qh6 Kf7 18. Qh7# 1-0

[Event "NAYCC U14 w"]
[Site "Montreal CAN"]
[Date "2010.08.16"]
[Round "2"]
[White "Loranger, Erika"]
[Black "Hou, Louisa Qianqian"]
[Result "1/2-1/2"]
[WhiteElo "1096"]
[BlackElo "1041"]
[PlyCount "110"]
[EventDate "2010.08.16"]
[EventType "tourn"]
[EventRounds "7"]
[EventCountry "CAN"]

1. e4 c5 2. Nf3 d6 3. Nc3 Nf6 4. Bc4 g6 5. d3 Bg7 6. Bg5 Nc6 7. Bb5 Bd7 8. O-O
O-O 9. Qd2 Re8 10. Bh6 Bh8 11. Bg5 a6 12. Bc4 Rb8 13. Rae1 Qc7 14. Nd5 Nxd5 15.
Bxd5 b5 16. c3 Ne5 17. Qe3 e6 18. Bb3 c4 19. Bc2 cxd3 20. Bxd3 Nxd3 21. Qxd3
Bc6 22. Bf4 Red8 23. Qe3 Qb6 24. Qxb6 Rxb6 25. e5 dxe5 26. Bxe5 Bxe5 27. Nxe5
Bd5 28. Rd1 Rbd6 29. b3 f6 30. Ng4 Kg7 31. Rd4 Bc6 32. Rxd6 Rxd6 33. h3 Rd2 34.
Re1 Bd5 35. Ra1 e5 36. Ne3 Bf7 37. c4 bxc4 38. bxc4 f5 39. c5 Be8 40. Rc1 Bb5
41. Nc4 Rd5 42. Na5 Be8 43. Nb7 Bc6 44. Na5 Ba4 45. Nb7 Rd7 46. c6 Rc7 47. Na5
Kf7 48. Rc4 Bb5 49. Rc5 Ba4 50. Rxe5 Kf6 51. Re1 Rc8 52. Rc1 Rc7 53. Re1 Rc8
54. Rc1 Rc7 55. Re1 Rc8 1/2-1/2

[Event "NAYCC U14 w"]
[Site "Montreal CAN"]
[Date "2010.08.16"]
[Round "2"]
[White "Yu, Kexin"]
[Black "Regam, Jessica"]
[Result "1/2-1/2"]
[WhiteElo "1381"]
[BlackElo "1941"]
[PlyCount "112"]
[EventDate "2010.08.16"]
[EventType "tourn"]
[EventRounds "7"]
[EventCountry "CAN"]

1. c4 Nf6 2. Nc3 g6 3. Nf3 Bg7 4. g3 O-O 5. Bg2 d6 6. O-O c6 7. d3 Qa5 8. Bd2
Qh5 9. Re1 Bh3 10. Bh1 h6 11. b4 Nbd7 12. a4 Ng4 13. b5 Rac8 14. Ra2 f5 15. e4
e5 16. Qb3 Nc5 17. Qc2 Rf7 18. bxc6 bxc6 19. exf5 gxf5 20. Nh4 f4 21. Nd1 fxg3
22. hxg3 Ne6 23. Bc3 Nd4 24. Bxd4 exd4 25. f3 Ne5 26. Nf2 Nxf3+ 27. Nxf3 Rxf3
28. Bxf3 Qxf3 29. Nxh3 Qxg3+ 30. Kf1 Qxh3+ 31. Ke2 Qg4+ 32. Kd2 h5 33. Kc1 Qg3
34. Qe2 Qe3+ 35. Qxe3 dxe3 36. Rh2 Re8 37. Rxh5 Re5 38. Rh2 Kf7 39. Kc2 Re7 40.
Rh3 Bd4 41. Re2 Ke8 42. Rh4 c5 43. Rg4 Kd7 44. Rg1 Kc6 45. Rb1 Rb7 46. Rb5 a6
47. Rxb7 Kxb7 48. a5 Kc6 49. Re1 Kb7 50. Rb1+ Ka7 51. Rb6 Be5 52. Kd1 Bc3 53.
Rxd6 Bxa5 54. Rc6 Bb4 55. Ke2 Kb7 56. Re6 Bd2 1/2-1/2

[Event "NAYCC U14 w"]
[Site "Montreal CAN"]
[Date "2010.08.16"]
[Round "2"]
[White "Zhurbenskiy, Eve"]
[Black "Ma, Indy"]
[Result "1-0"]
[WhiteElo "2003"]
[BlackElo "1283"]
[PlyCount "85"]
[EventDate "2010.08.16"]
[EventType "tourn"]
[EventRounds "7"]
[EventCountry "CAN"]

1. e4 c6 2. d4 d5 3. e5 Bf5 4. Be3 e6 5. Nd2 Nd7 6. f4 Ne7 7. Ngf3 h6 8. Be2
Ng6 9. c4 Bb4 10. O-O O-O 11. Rc1 Rc8 12. a3 Bxd2 13. Nxd2 Ne7 14. c5 b6 15. b4
b5 16. Qe1 a5 17. g4 Bh7 18. Qg3 axb4 19. axb4 Ra8 20. Ra1 Qc7 21. Nb3 Ra4 22.
Rxa4 bxa4 23. Na5 Rb8 24. Bd2 Nc8 25. f5 Na7 26. f6 gxf6 27. exf6 Qxg3+ 28.
hxg3 Be4 29. Ra1 Nxf6 30. Rxa4 Kg7 31. Bf4 Rg8 32. Be5 Kg6 33. Nb7 Nc8 34. Bxf6
Kxf6 35. Ra8 Bh7 36. Kf2 e5 37. dxe5+ Kxe5 38. Na5 Ne7 39. Ra7 Ke6 40. Rc7 Rc8
41. Rxc8 Nxc8 42. Nxc6 Bc2 43. Nd4+ 1-0